BIBLIOTECA PODER JUDICIAL
Portal Judicial TDF

El certiorari es inconstitucional / (Registro nro. 5412)

000 -LEADER
fixed length control field 01065nab a22002417a 4500
003 - CONTROL NUMBER IDENTIFIER
control field OSt
005 - DATE AND TIME OF LATEST TRANSACTION
control field 20250313093001.0
008 - FIXED-LENGTH DATA ELEMENTS--GENERAL INFORMATION
fixed length control field 190604e xxu||||| |||| 00| 0 spa d
040 ## - CATALOGING SOURCE
Transcribing agency PJ
100 ## - MAIN ENTRY--PERSONAL NAME
9 (RLIN) 6423
Personal name Chiappini, Julio E.
245 13 - TITLE STATEMENT
Title El certiorari es inconstitucional /
Statement of responsibility, etc Julio Chiappini.
260 ## - PUBLICATION, DISTRIBUTION, ETC. (IMPRINT)
Place of publication, distribution, etc Ciudad Autónoma de Buenos Aires :
Name of publisher, distributor, etc Thomson Reuters La Ley,
Date of publication, distribution, etc 2024.
300 ## - PHYSICAL DESCRIPTION
Extent p. 9-11
500 ## - GENERAL NOTE
General note Cita Online: TR LALEY AR/DOC/934/24.
505 ## - FORMATTED CONTENTS NOTE
Formatted contents note Sumario: I. El art. 280 del Cód. Proc. Civil.— II. Las afirmaciones meramente dogmáticas.— III. La defensa en juicio y el debido proceso.— IV. ¿Qué hacer?<br/><br/>
505 ## - FORMATTED CONTENTS NOTE
Title ¿Te interesa el texto completo? Solicitalo al correo: koha@justierradelfuego.gov.ar<br/>
650 #0 - SUBJECT ADDED ENTRY--TOPICAL TERM
9 (RLIN) 2044
Topical term or geographic name as entry element RECURSO EXTRAORDINARIO
650 #0 - SUBJECT ADDED ENTRY--TOPICAL TERM
9 (RLIN) 586
Topical term or geographic name as entry element DEFENSA EN JUICIO
650 #0 - SUBJECT ADDED ENTRY--TOPICAL TERM
9 (RLIN) 180
Topical term or geographic name as entry element DEBIDO PROCESO
650 #0 - SUBJECT ADDED ENTRY--TOPICAL TERM
9 (RLIN) 2140
Topical term or geographic name as entry element CERTIORARI
773 0# - HOST ITEM ENTRY
Host Biblionumber 2714
Host Itemnumber 3171
Place, publisher, and date of publication Ciudad Autónoma de Buenos Aires : Thomson Reuters La Ley, 2014-
Title Revista anales de legislación argentina. Nº 7 - Junio 2024.
942 ## - ADDED ENTRY ELEMENTS (KOHA)
Source of classification or shelving scheme
Koha item type Analítica Artículo de Revista

No hay ítems disponibles.

12 de Octubre 789 Ushuaia - Tel:  54(02901)441571
Horario de Atención: 8.00 a 17.00 hs. 
bibliotecaush@justierradelfuego.gov.ar
koha@justierradelfuego.gov.ar
Seguinos en nuestras redes @bibliojustdf 

Con tecnología Koha